| 000 | 00419nam a2200169 4500 | ||
|---|---|---|---|
| 020 | _a9789349946767 | ||
| 082 |
_aM 791.430 7 _bSAN/M |
||
| 245 |
_aMalappuram desham cinema/ _cby Sanjay S (ed.) |
||
| 260 |
_aKozhikode: _bAtma Books, _c2026. |
||
| 300 | _a287p. | ||
| 650 | _aFilm History Malappuram | ||
| 650 | _aFilm Study | ||
| 650 | _aArts | ||
| 700 | _aSanjay S (ed.) | ||
| 700 | _aGopu S (ed.) | ||
| 942 | _cBK | ||
| 999 |
_c181893 _d181893 |
||